Пасынок дяди Сэма. Заметки спортивного журналиста

Detalles Bibliográficos
Autor principal: Бородина Л. Я. Лидия Яковлевна
Sumario:Исключено из фонда НТБ ТПУ
Lenguaje:ruso
Publicado: Москва, Физкультура и спорт, 1984
Colección:За чистоту спорта
Formato: Libro
KOHA link:https://koha.lib.tpu.ru/cgi-bin/koha/opac-detail.pl?biblionumber=124375

MARC

LEADER 00000nam0a2200000 4500
001 124375
005 20231031130913.0
035 |a (RuTPU)RU\TPU\book\134607 
090 |a 124375 
100 |a 20071031d1984 m y0rusy50 ca 
101 0 |a rus 
102 |a RU 
105 |a a z 000zy 
200 1 |a Пасынок дяди Сэма. Заметки спортивного журналиста  |f Л. Я. Бородина 
210 |a Москва  |c Физкультура и спорт  |d 1984 
215 |a 192 с.  |c ил. 
225 1 |a За чистоту спорта 
333 |a Исключено из фонда НТБ ТПУ 
700 1 |a Бородина  |b Л. Я.  |g Лидия Яковлевна 
801 1 |a RU  |b 63413507  |c 20071031  |g PSBO 
801 2 |a RU  |b 63413507  |c 20220616  |g PSBO 
942 |c BK